Κατάλογος Βιβλιοθηκών Mediterranean College

Διεθνή συστήματα κρατήσεων και πωλήσεων στον τουρισμό / (Record no. 10076)

MARC details
000 -LEADER
fixed length control field 03517nam a22002057a 4500
003 - ΤΑΥΤΟΤΗΤΑ ΤΟΥ ΑΡΙΘΜΟΥ ΕΛΕΓΧΟΥ
Πεδίο ελέγχου GR-AtMCL
005 - ΗΜΕΡΟΜΗΝΙΑ ΚΑΙ ΩΡΑ ΤΕΛΕΥΤΑΙΑΣ ΕΝΗΜΕΡΩΣΗΣ
Πεδίο ελέγχου 20260123112408.0
006 - FIXED-LENGTH DATA ELEMENTS--ADDITIONAL MATERIAL CHARACTERISTICS
Πεδίο ελέγχου σταθερού μήκους a|||||r|||||||||||
008 - FIXED-LENGTH DATA ELEMENTS--GENERAL INFORMATION
Πεδίο ελέγχου σταθερού μήκους s2024||||gr a f ||| gre d
020 ## - ISBN
ISBN 9786185062484
040 ## - ΠΗΓΗ ΚΑΤΑΛΟΓΟΓΡΑΦΗΣΗΣ
Γλώσσα καταλογογράφησης Ελληνικά, Μοντέρνα (1453-)
Φορέας πρωτότυπης καταλογογράφησης MC Athens Campus Library
Modifying agency MC Athens Campus Library
Κανόνες περιγραφικής καταλογογράφησης AACR2
100 ## - MAIN ENTRY--PERSONAL NAME
Personal name Κατσώνη, Βασιλική
9 (RLIN) 10284
245 00 - ΤΙΤΛΟΣ ΚΑΙ ΔΗΛΩΣΗ ΥΠΕΥΘΥΝΟΤΗΤΑΣ
Τίτλος Διεθνή συστήματα κρατήσεων και πωλήσεων στον τουρισμό /
Statement of responsibility, etc. Βασιλική Κατσώνη
250 ## - EDITION STATEMENT
Edition statement 2η εκδ.
260 ## - PUBLICATION, DISTRIBUTION, ETC.
Place of publication, distribution, etc. Αθήνα :
Name of publisher, distributor, etc. Φαίδιμος,
Date of publication, distribution, etc. 2024
520 ## - SUMMARY, ETC.
Summary, etc. Τα Διεθνή Συστήματα Κρατήσεων (Global Distribution Systems-GDS) αποτελούν τον ακρογωνιαίο λίθο της σύγχρονης τουριστικής βιομηχανίας. Αυτά τα ισχυρά πληροφοριακά συστήματα συνδέουν τους παρόχους τουριστικών υπηρεσιών (αεροπορικές εταιρείες, ξενοδοχεία, εταιρείες ενοικίασης αυτοκινήτων κ.λπ.) με τα ταξιδιωτικά γραφεία και τους καταναλωτές σε παγκόσμιο επίπεδο. Οι ραγδαίες τεχνολογικές εξελίξεις και, κυρίως, η χρήση του Διαδικτύου και των online πωλήσεων έχουν μεταμορφώσει δραματικά τον τρόπο με τον οποίο τα Διεθνή Συστήματα Κρατήσεων (GDS) λειτουργούν και αλληλεπιδρούν με τους χρήστες. Τα GDS συνεχίζουν να εξελίσσονται, προσαρμοζόμενα στις μεταβαλλόμενες ανάγκες της τουριστικής αγοράς. Η ανάπτυξη των ταξιδιωτικών τεχνολογιών έχει μεταμορφώσει τον τρόπο με τον οποίο οι καταναλωτές προγραμματίζουν και πραγματοποιούν τα ταξίδια τους. Η ιστορική εξέλιξη των GDS καταδεικνύει τη στενή σχέση τους τόσο με την ανάπτυξη της αεροπορικής βιομηχανίας όσο και των τεχνολογιών πληροφορικής. Πρωταρχικός σκοπός του συγκεκριμένου βιβλίου είναι η παροχή κατάλληλα τεκμηριωμένης γνώσης πάνω σε θέματα εφαρμογής της τεχνολογίας στον τουρισμό, δίνοντας ιδιαίτερη έμφαση στη λειτουργία των Διεθνών Συστημάτων Κρατήσεων (GDS). Αποτελεί έναν πολύτιμο οδηγό για όσους ενδιαφέρονται να κατανοήσουν πώς λειτουργεί η τεχνολογία στον τομέα του τουρισμού και, ειδικότερα, ποιος είναι ο ρόλος των Διεθνών Συστημάτων Κρατήσεων(GDS). Είναι ένα εξαιρετικό εκπαιδευτικό εργαλείο για φοιτητές και επαγγελματίες του τουρισμού που επιθυμούν να αποκτήσουν βαθύτερη κατανόηση των GDS.
650 #0 - SUBJECT ADDED ENTRY--TOPICAL TERM
Topical term or geographic name entry element Τουρισμού & Φιλοξενίας
9 (RLIN) 9900
942 ## - ADDED ENTRY ELEMENTS (KOHA)
Koha item type Books
Holdings
Τύπος τεκμηρίου Βιβλιοθήκη Τρέχουσα τοποθεσία Barcode Αριθμός εισαγωγής Ημερομηνία απόκτησης Ταξιθετικό σύμβολο Αριθμός αντιτύπου Κατάσταση απόσυρσης Κατάσταση χαμένου Κατάσταση κατεστραμμένου Μη δανεισμός Σύνολο δανεισμών Ημερομηνία τελευταίας εμφάνισης Η τιμή ισχύει από
Books MC Athens Campus Library MC Athens Campus Library 9780000100832 8267 23/01/2026 338.4791 ΚΑΤ 1           23/01/2026 23/01/2026

MC Athens Campus Library
Πατησίων 94 & Κοδριγκτώνος 13, 104 34
Πελλήνης 8 & Πατησίων 107, 112 51
Τ: +30 210 8899600

MC Thessaloniki Campus Library
Ίωνος Δραγούμη 21, 54625 | Ίωνος Δραγούμη 15, 54625
Τ: +30 2310 287779 – Τ: +30 2314 440300